000 00351nam a22001457a 4500
008 230317b ||||| |||| 00| 0 eng d
020 _a9781285752174
041 _aeng
080 _213TH EDITION
_a615.83
082 _a615.83HOE
100 _a16
101 _aEGZF
245 _aLIFTETIME PHYSICAL FITENSS WELLNESS
_cHOEGER.K.W.W
942 _2udc
_cBK
999 _c59382
_d59382